La politique agricole commune (PAC) : toute la PAC, rien d'autre que la PAC!
Αποθηκεύτηκε σε:
| Κύριος συγγραφέας: | |
|---|---|
| Άλλοι συγγραφείς: | |
| Μορφή: | Βιβλίο |
| Γλώσσα: | French |
| Δημοσίευση: |
Bruxelles :
Bruylant,
2006
|
| Σειρά: | Pratique du droit communautaire
|
| Θέματα: | |
| Ετικέτες: |
Προσθήκη ετικέτας
Δεν υπάρχουν, Καταχωρήστε ετικέτα πρώτοι!
|
MARC
| LEADER | 00000nam a2200000 i 4500 | ||
|---|---|---|---|
| 001 | 1/71404 | ||
| 008 | 080121s2006 fre d | ||
| 020 | |a 2-8027-2192-5 | ||
| 035 | |l 10093894 | ||
| 040 | |a GR-MY-UA |b gre |e aacr | ||
| 041 | 0 | |a fre | |
| 082 | 0 | |a 338.18 |2 (22) | |
| 100 | 1 | |a Bianchi, Daniele. | |
| 245 | 1 | 3 | |a La politique agricole commune (PAC) : |b toute la PAC, rien d'autre que la PAC! / |c Daniele Bianchi ; preface de Marianne Fischer Boel |
| 260 | |a Bruxelles : |b Bruylant, |c 2006 | ||
| 300 | |a xiii, 639 σ.; |c 22 εκ. | ||
| 490 | 1 | |a Pratique du droit communautaire | |
| 504 | |a Περιέχει βιβλιογραφικές παραπομπές και ευρετήριο | ||
| 650 | 0 | 0 | |a Agriculture and state |z European Union countries. |
| 650 | 0 | 0 | |a Agricultural laws and legislation |z European Union countries. |
| 700 | 1 | |a Fischer Boel, Marianne. |4 aui | |
| 830 | 0 | |a Pratique du droit communautaire | |
| 852 | |a INST |b LESVOS |e 20080121 |h 338.18 BIA |p 005100040491 |q 005100040491 |t BK |y 0 | ||
| 901 | |a BIBL1-2008-1 | ||
| 909 | |a Λ |b 144383 | ||
| 922 | |a 1ΕΛΗ |b 200801 |c ΤΚ |d ΠΑΠΑΣΩΤΗΡΙΟΥ | ||
| 970 | |a ΓΙΑΛΑΜΑ |b ΜΑΡΙΑ |z 2008/01/21 | ||